000
00314nam a22001337a 4500
008
181226b xxu||||| |||| 00| 0 eng d
020
_a
0810204509
041
_a
eng
080
_a
316
100
_a
50
101
_a
SOC
245
_a
Culture and Cognition: Rules, Maps and Plans
_c
Spradley, J.P
942
_2
udc
_c
BK
999
_c
53781
_d
53781